| 000 | 00000nam##2200000za#4500 |
| 001 | 9.696399 |
| 003 | CaOODSP |
| 005 | 20210624235021 |
| 007 | cr ||||||||||| |
| 008 | 150407|2002||||xxc|||||o f|0| 0 eng|d |
| 040 | |aCaOODSP|beng |
| 043 | |an-cn--- |
| 086 | 1 |aH39-622/2002E-PDF |
| 110 | 1 |aCanada. |bHealth Canada. |
| 245 | 10|aSteady state: finding a sustainable balance point : |h[electronic resource]|binternational review of health workforce planning / |cPrepared by Ann L. Mable and John Marriott for Health Human Resources Strategies Division, Health Canada. |
| 260 | |aOttawa - Ontario : |bHealth Canada |cc2002. |
| 300 | |a69p.|breferences, tables |
| 500 | |aThe catalogue number (H39-622/2002) and ISBN (0-662-66561-9) for the bilingual print edition have been incorrectly copied in this electronic publication. |
| 590 | |a12-32-Supp|b2012-07-11 |
| 775 | 08|tÉtat stable: parvenir à un equilibre qui soit durable : |w(CaOODSP)9.640515 |
| 856 | 40|ahttp://publications.gc.ca|qPDF|s786 KB|uhttps://publications.gc.ca/collections/collection_2012/sc-hc/H39-622-2002-eng.pdf |